| 000 | 00632nam a2200229Ia 4500 | ||
|---|---|---|---|
| 003 | OSt | ||
| 005 | 20220925214751.0 | ||
| 006 | a|||||r|||| 00| 0 | ||
| 007 | ta | ||
| 008 | 220923b |||||||| |||| 00| 0 eng d | ||
| 037 | _cGeneral Book | ||
| 040 |
_aRTL _cRTL _beng |
||
| 041 |
_2eng _aeng |
||
| 082 | _aX9J341:75.1.N3, G6 | ||
| 100 |
_aWillcox O.W _9281107 |
||
| 245 | 0 | _aCan industry govern itself? | |
| 260 |
_aLondon _bGeorge allen _c1936 |
||
| 300 |
_a284p _ccm. |
||
| 650 |
_aSugarcane Industry _9230419 |
||
| 942 |
_hX9J341:75.1.N3, G6 _cGB _2CC |
||
| 999 |
_c566561 _d566561 |
||